| 000 | 00529nam a22001817a 4500 | ||
|---|---|---|---|
| 005 | 20161110122841.0 | ||
| 010 | _aENG-116409 | ||
| 020 |
_a9789350838099 _c999.00 |
||
| 035 | _aEN-99941 | ||
| 037 | _bDBAD/PUB | ||
| 082 | _a921 | ||
| 100 | _aAditya Prasad Singh | ||
| 245 |
_a Panchayati Raj in India / _cby Aditya Prasad |
||
| 260 |
_aNew Delhi _bDimond Books _c2013 |
||
| 270 |
_ax-30,Okhla Industrial Area,Phase-II _bNew Delhi _e110020 |
||
| 300 |
_a224p.: _c22cm.(Hb) _bill |
||
| 942 |
_2ddc _cEN _h921 _mADI |
||
| 999 |
_c104430 _d104430 |
||